000 00476nam a2200193Ia 4500
003 IN-BaIIA
008 211028s9999 xx 000 0 eng d
040 _cIIA Library
080 _a523.9
_bPRO
100 _aProctor, Richard A.
_91454
245 4 _aThe sun
_cRichard A. Proctor
260 _aLondon
_bLongmans, Green
_c1871
300 _axxiv, 480p.
650 _aArchives
650 _aSolar physics
_91455
650 _aSolar system
650 _aSun
_91200
942 _cBK
999 _c668
_d668